000 00718nam a2200229 4500
003 DO-SdBNP
005 20240229073927.0
007 ta
008 210416b2017 dr ||||| |||| 00| 0 eng d
020 _a9789945168228
040 _aDO-SdBNP
_bspa
_cBNPHU
_erda
082 4 _aRD864.44
_bD249b
_222
100 1 _aLeón David
_d1945-
_984930
245 1 0 _aBárbara Moreno :
_bentrevista a León David /
_cLeón David
260 _aSanto Domingo :
_bUnicornio,
_c2017.
300 _a39 p. ;
_c21 cm.
500 _aIncluye datos biográficos del autor en la solapa de la contracubierta
590 _aInventariado, 2021 / SA
600 1 0 _aLeón David
_d1945-
_vEntrevistas
_984930
910 _aSaquino/
942 _2ddc
_cLF2
999 _c49746
_d49746